00495 2200193 4500001002100000008004100021035002000062245004400082250002000126260003300146300002000179020002200199084001800221082001200239650002600251990000800277990000800285990000800293INLIS000000000000313 ind  a0010-0425000313 aSELAMATKAN LINGKUNGAN DENGAN KONSERVASI aCetakan pertama aDepok :bCV Arya Duta,c2018 a76 hlm.c25 cm. a978-979-094-438-1 a363.7.2 RIZ s a363.7.2 aRizky Utami Handayani a684 a685 a686